Assessment of perceived benefits of organisational wellness policyon employee commitment and performance: Ministry of Home Affairs. (Record no. 35051)

MARC details
000 -LEADER
fixed length control field 00817nam a2200181 a 4500
008 - FIXED-LENGTH DATA ELEMENTS--GENERAL INFORMATION
fixed length control field 160819s2014 ||||||||||||||||| || u
050 ## - LIBRARY OF CONGRESS CALL NUMBER
Classification number CBU-PG THESIS/MAL
100 ## - MAIN ENTRY--PERSONAL NAME
Personal name Malawo, Cecilia Bubala
245 10 - TITLE STATEMENT
Title Assessment of perceived benefits of organisational wellness policyon employee commitment and performance: Ministry of Home Affairs.
Statement of responsibility, etc. by Cecilia Bubala Malawo
260 ## - PUBLICATION, DISTRIBUTION, ETC.
Place of publication, distribution, etc. Kitwe
Name of publisher, distributor, etc. Copperbelt University
Date of publication, distribution, etc. 2014
300 ## - PHYSICAL DESCRIPTION
Extent xi, 118p.: ill.
500 ## - GENERAL NOTE
General note Bibliography
650 ## - SUBJECT ADDED ENTRY--TOPICAL TERM
Topical term or geographic name entry element INDUSTRIAL HYGIENE
650 ## - SUBJECT ADDED ENTRY--TOPICAL TERM
Topical term or geographic name entry element EMPLOYEE HEALTH PROMOTION
650 ## - SUBJECT ADDED ENTRY--TOPICAL TERM
Topical term or geographic name entry element OCCUPATIONAL THERAPY--SOCIAL ASPECTS
650 ## - SUBJECT ADDED ENTRY--TOPICAL TERM
Topical term or geographic name entry element ORGANIZATIONAL BEHAVIOUR--PERFORMANCE AND SERVICE DELIVERY
995 ## - RECOMMENDATION 995 [LOCAL, UNIMARC FRANCE]
-- CBU-MAIN LIBRARY (Kitwe)
-- 1
-- AVAILABLE
-- Aug 19, 2016
-- University Collection
Holdings
Withdrawn status Lost status Source of classification or shelving scheme Damaged status Not for loan Home library Current library Shelving location Date acquired Total Checkouts Full call number Barcode Date last seen Price effective from Koha item type
          CBU-MAIN LIBRARY, KITWE. CBU-MAIN LIBRARY, KITWE.   11/30/2022   CBU-PG THESIS/MAL B2279 11/30/2022 11/30/2022 MONOGRAPH